000 01400nam a2200217Ia 4500
003 Ost
005 20260507075028.0
008 260507s9999||||xx |||||||||||||| ||und||
040 _cfsecg
041 _aara
082 _a330
100 _aالعمروسي، أنور
_eمؤلف
245 0 _aأحكام الفوائد في القانون المدني :
_bفوائد التأخير-سعر الفائدة في المواد المدنية والتجارية-تخفيض الفائدة /
_c أنور العمروسي
260 _aالإسكندرية:
_bدار الفكر الجامعي,
_c2003
300 _a107 صفحة؛
_bإيضاحات ؛
_c24 سم
520 _aفوائد التأخير في الوفاء، الفائدة الإتفاقية، فائدة المستثمر وشروط تخفيضها، إثبات الضرر للإستحقاق، فائد التأخير القانونية في الإتفاقية، أثر إطالة أمر التقاض في إستحقاق الفوائد، في فوائد توزيع ثمن البيع وقواعد إستحقاقها،أحكام المطالبة بتعويض تكميلي يضاف الى الفوائد، فوائد على متجمد الفوائد، سعر الفوائد التجارية على الحساب الجاري
653 _aالأرباح
653 _aالفوائد
653 _aالقانون المدني
942 _cكتاب
999 _c42361
_d42361